000 00529cam a2200205 4500
001 D952
008 090401t1985 xxu||||| |||| 00| 0 eng d
035 _a(Sirsi) u49046
041 _aeng
050 _a333.720285
100 _aAnderson, B.R et al
245 _aBredem: the BRE domestic energy model
260 _aGarston, Watford
_bBuilding Research Establishment
_c1985
300 _a3p. ill. 30cm
350 _a0
490 _aInformation Paper
_v16/85
520 _aCaption title
942 _n0
948 _c04/03/1997
999 _c92473
_d92473